Statistics for 10 Questions, Geography and Mathematics

Click here to take the quiz!

General Stats

  • This quiz has been taken 81 times
  • The average score is 5 of 10

Answer Stats

QuestionAnswer% Correct
10 - 2 - 53
99%
Jack gave 50 children 25 potatoes, work out how many Potatoes are there from all the Children1250
84%
Continents in Alphabetical order (Not including Antarctica)Africa, Asia, Europe, North America, Oceania, South America
81%
Where is Sao Tome & Principe? (Continents)Africa
66%
What is a Commutative Law?It is a number that gives the same answer in a different way
53%
5 + 5 x (10 x 10)1000
47%
What language does Guinea-Bissau speak?Portuguese
36%
Is BODMAS useless for Secondary Schools? (High School)It depends
28%
Is Mathematics, Physics and Geography similar?Yes
18%
How many Countries are there around the world? (Dec 5 2018)195
8%

Score Distribution

Percentile by Number Answered

Percent of People with Each Score

Your Score History

You have not taken this quiz